[Event "SERBIA CHESS OPEN 2021 – MASTERS"]
[Site "Belgrade, Hotel Metropol"]
[Date "2021.07.05"]
[Round "5.103"]
[White "Efremov, Vladislav"]
[Black "Krasteva, Beloslava"]
[Result "1/2-1/2"]
[WhiteElo "2173"]
[BlackElo "2305"]
[PlyCount "75"]
[EventDate "2021.??.??"]

1. d4 Nf6 2. c4 e6 3. Nf3 b6 4. a3 Bb7 5. Nc3 d5 6. cxd5 Nxd5 7. Qc2 Nxc3 8.
bxc3 c5 9. e4 Nc6 10. Be3 Rc8 11. Qd1 a6 12. d5 exd5 13. exd5 Na5 14. c4 Be7
15. Qa4+ Qd7 16. Qxd7+ Kxd7 17. Ne5+ Ke8 18. Rb1 f6 19. Nf3 b5 20. Bd2 Bd8 21.
cxb5 c4 22. Bc3 Nb3 23. Bxc4 Rxc4 24. Rxb3 Bxd5 25. Bd2 Re4+ 26. Re3 Rxe3+ 27.
fxe3 axb5 28. Kf2 Kf7 29. Nd4 Be7 30. Nxb5 Bc4 31. Rb1 Rd8 32. Nd4 Bxa3 33.
Rb7+ Kg6 34. Bb4 Bd5 35. Rb6 Bxb4 36. Rxb4 Ra8 37. Rb2 Ra3 38. Ne2 1/2-1/2

[Event "SERBIA CHESS OPEN 2021 – MASTERS"]
[Site "Belgrade, Hotel Metropol"]
[Date "2021.07.05"]
[Round "5.104"]
[White "Ristic, Luka"]
[Black "De Boer, Bas"]
[Result "1/2-1/2"]
[WhiteElo "2300"]
[BlackElo "2143"]
[PlyCount "105"]
[EventDate "2021.??.??"]

1. d4 d5 2. Bf4 c5 3. e3 cxd4 4. exd4 Nc6 5. c3 Bf5 6. Nd2 e6 7. Ngf3 Nge7 8.
Nh4 Ng6 9. Nxg6 Bxg6 10. Nf3 Bd6 11. Bg3 O-O 12. Be2 Rb8 13. a4 h5 14. O-O Bxg3
15. hxg3 Qd6 16. Re1 Be4 17. a5 Bxf3 18. Bxf3 Qc7 19. Qa4 Ne7 20. Re5 g6 21. g4
Rfc8 22. Re3 Qd8 23. g3 Rc4 24. Qa3 Nc8 25. Kg2 Nd6 26. b3 Rc7 27. Rh1 Kg7 28.
Qb2 Qf6 29. Be2 Rbc8 30. Rf3 Qg5 31. Re1 Ne4 32. c4 Qd2 33. Qa1 b6 34. a6 Qb4
35. Qc1 Qd2 36. Qa1 Qb4 37. Rd1 Nd2 38. Qc3 Qxc3 39. Rxc3 Ne4 40. Re3 Nf6 41.
f3 Rd8 42. Kf2 Ng8 43. Rc3 dxc4 44. Rxc4 Rcd7 45. Rdc1 Nf6 46. Rc7 Nd5 47. Rxd7
Rxd7 48. Bb5 Rc7 49. Rc4 Rxc4 50. bxc4 Nc7 51. Ke3 Kf6 52. Kf4 g5+ 53. Ke4
1/2-1/2

[Event "SERBIA CHESS OPEN 2021 – MASTERS"]
[Site "Belgrade, Hotel Metropol"]
[Date "2021.07.05"]
[Round "5.105"]
[White "Klasan, Vladimir"]
[Black "Debevec, Blaz"]
[Result "1/2-1/2"]
[WhiteElo "2297"]
[BlackElo "2135"]
[PlyCount "101"]
[EventDate "2021.??.??"]

1. e4 c5 2. Nf3 Nc6 3. d4 cxd4 4. Nxd4 Nf6 5. Nc3 e5 6. Ndb5 d6 7. Bg5 a6 8.
Na3 b5 9. Nd5 Be7 10. Bxf6 Bxf6 11. c4 b4 12. Nc2 O-O 13. g3 Bg5 14. Bg2 a5 15.
h4 Bh6 16. O-O Be6 17. Qd3 Ne7 18. Nce3 Bxe3 19. Nxe3 Qc7 20. Rfd1 Rfd8 21. b3
a4 22. Nc2 Qc5 23. Qd2 Nc6 24. Bf1 Bg4 25. Be2 axb3 26. axb3 Rxa1 27. Rxa1 Bxe2
28. Qxe2 Nd4 29. Nxd4 Qxd4 30. Rd1 Qc3 31. Qd3 Kf8 32. Qxc3 bxc3 33. Rc1 Ke7
34. Rxc3 Kd7 35. Rd3 Kc6 36. h5 Rf8 37. Kg2 g6 38. hxg6 hxg6 39. f4 exf4 40.
gxf4 f5 41. Kf3 Ra8 42. e5 dxe5 43. fxe5 g5 44. Kg3 Re8 45. Rd5 Rb8 46. Rd6+
Kc5 47. Rd5+ Kc6 48. Rd6+ Kc5 49. Rd3 Re8 50. Rd5+ Kb4 51. e6 1/2-1/2

[Event "SERBIA CHESS OPEN 2021 – MASTERS"]
[Site "Belgrade, Hotel Metropol"]
[Date "2021.07.05"]
[Round "5.106"]
[White "Fernandez Lledo, Javier"]
[Black "Dolgun, Can"]
[Result "0-1"]
[WhiteElo "2288"]
[BlackElo "2133"]
[PlyCount "95"]
[EventDate "2021.??.??"]

1. d4 Nf6 2. Nc3 d5 3. Bg5 Nbd7 4. Qd3 e6 5. O-O-O Be7 6. f3 b6 7. e4 Bb7 8. e5
Ng8 9. h4 Bxg5+ 10. hxg5 Qxg5+ 11. Kb1 a6 12. Nh3 Qe7 13. Nf4 g6 14. Nce2 c5
15. c4 dxc4 16. Qxc4 cxd4 17. Qxd4 Rd8 18. Rc1 Rc8 19. Rxc8+ Bxc8 20. b4 a5 21.
a3 axb4 22. axb4 Qg5 23. Nd3 Ba6 24. f4 Bxd3+ 25. Qxd3 Qf5 26. Qxf5 gxf5 27.
Nc3 Ne7 28. Bb5 Ng6 29. Rd1 Ngf8 30. Rd6 Ke7 31. Na4 f6 32. Rc6 fxe5 33. Rc8
exf4 34. Bxd7 Kxd7 35. Nxb6+ Kd6 36. b5 Ng6 37. Rc6+ Ke7 38. Nc4 Rb8 39. b6 Kf6
40. Rc5 Ne7 41. Rb5 Nd5 42. Kc1 Rb7 43. Kd2 Nxb6 44. Nxb6 Rg7 45. Ke2 Rxg2+ 46.
Kf3 Rg3+ 47. Ke2 Re3+ 48. Kd2 0-1

[Event "SERBIA CHESS OPEN 2021 – MASTERS"]
[Site "Belgrade, Hotel Metropol"]
[Date "2021.07.05"]
[Round "5.107"]
[White "Masic, Predrag"]
[Black "Djokic, Mihailo"]
[Result "1-0"]
[WhiteElo "2268"]
[BlackElo "2129"]
[PlyCount "85"]
[EventDate "2021.??.??"]

1. e4 c5 2. Nf3 d6 3. c3 Nf6 4. Be2 Bd7 5. d3 g6 6. O-O Bg7 7. Nbd2 O-O 8. d4
cxd4 9. cxd4 d5 10. e5 Ne4 11. Qb3 Bc6 12. Rd1 Nxd2 13. Bxd2 f6 14. Rac1 a6 15.
Re1 fxe5 16. Nxe5 Bxe5 17. dxe5 Nd7 18. Bh6 Re8 19. Qg3 e6 20. h4 Kh8 21. Bg5
Qc7 22. Bg4 h5 23. Bh3 Nf8 24. Bf6+ Kh7 25. Re3 Qf7 26. Rf3 Nd7 27. Qg5 Rg8 28.
Be7 Qe8 29. Bxe6 Rg7 30. Bxd7 Qxe7 31. Bxc6 bxc6 32. Rxc6 Qb7 33. Rff6 Qxb2 34.
Kh2 Qb1 35. Rxa6 Rc8 36. Rab6 Qd3 37. e6 Qc3 38. Rb3 Qc2 39. Qxd5 Rc5 40. Qd3
Qxa2 41. Rb7 Qc2 42. Rxg7+ Kxg7 43. Rf7+ 1-0

[Event "SERBIA CHESS OPEN 2021 – MASTERS"]
[Site "Belgrade, Hotel Metropol"]
[Date "2021.07.05"]
[Round "5.108"]
[White "Asatryan, Sona"]
[Black "Ratsma, Midas"]
[Result "1-0"]
[WhiteElo "2122"]
[BlackElo "2259"]
[PlyCount "44"]
[EventDate "2021.??.??"]

1. e4 e6 2. d4 d5 3. Bd3 dxe4 4. Bxe4 Nf6 5. Bf3 c5 6. Ne2 Nc6 7. Be3 cxd4 8.
Nxd4 Ne5 9. Nc3 a6 10. O-O Bd6 11. Qe2 Qc7 12. Kh1 Nxf3 13. Qxf3 O-O 14. Rad1
Rd8 15. Bg5 Be5 16. Qe3 h6 17. Bh4 Bf4 18. Qe2 Qe5 19. Nc6 bxc6 20. Rxd8+ Kh7
21. Qd3+ g6 22. g3 c5 1-0

[Event "SERBIA CHESS OPEN 2021 – MASTERS"]
[Site "Belgrade, Hotel Metropol"]
[Date "2021.07.05"]
[Round "5.109"]
[White "Skonnord, Uno"]
[Black "Granovskiy, Alexandr"]
[Result "0-1"]
[WhiteElo "2112"]
[BlackElo "2255"]
[PlyCount "64"]
[EventDate "2021.??.??"]

1. e4 e5 2. Nf3 Nc6 3. Bc4 Bc5 4. c3 Nf6 5. d3 d6 6. Bb3 a5 7. a4 h6 8. Nbd2
O-O 9. Nf1 Be6 10. Ng3 d5 11. O-O dxe4 12. Nxe4 Nxe4 13. dxe4 Qxd1 14. Bxd1 Bc4
15. Re1 Rfd8 16. Bc2 Ra6 17. Nd2 Be6 18. Nb1 Ne7 19. Rd1 Rad6 20. Rxd6 Rxd6 21.
Kf1 Bc4+ 22. Ke1 Rf6 23. f3 Ng6 24. b3 Ba6 25. c4 Nh4 26. Kf1 Rg6 27. g4 Nxf3
28. h3 Rf6 29. Bd1 Bd4 30. Bxf3 Rxf3+ 31. Ke2 Rxb3 32. Nd2 Bxa1 0-1

[Event "SERBIA CHESS OPEN 2021 – MASTERS"]
[Site "Belgrade, Hotel Metropol"]
[Date "2021.07.05"]
[Round "5.110"]
[White "Rutten, Alexander"]
[Black "Azaric, Slavko"]
[Result "1/2-1/2"]
[WhiteElo "2082"]
[BlackElo "2254"]
[PlyCount "119"]
[EventDate "2021.??.??"]

1. e4 d6 2. d4 g6 3. Nc3 Bg7 4. Be3 c6 5. Qd2 Nd7 6. h4 Ngf6 7. f3 h5 8. a4 Qa5
9. Nh3 b5 10. Ng5 O-O 11. b4 Qxb4 12. axb5 c5 13. Ra4 Qb2 14. Ra2 Qb4 15. Ra4
Qb2 16. Nd1 Qb1 17. Bd3 Nb6 18. c4 Qxd3 19. Qxd3 Nxa4 20. O-O Nd7 21. Rf2 a6
22. bxa6 Bxa6 23. Nb2 cxd4 24. Bxd4 Nxb2 25. Rxb2 Ne5 26. Qc3 Rac8 27. c5 Bf6
28. Ra2 Bb7 29. Qa1 Rxc5 30. f4 Nd3 31. Bxf6 Rc1+ 32. Kh2 Rxa1 33. Bxa1 Nc5 34.
e5 Ra8 35. Rxa8+ Bxa8 36. exd6 exd6 37. Bf6 Nd7 38. Be7 f6 39. Nh3 d5 40. f5
Kf7 41. Bb4 d4 42. fxg6+ Kxg6 43. Nf4+ Kf5 44. Kg3 Ne5 45. Nxh5 d3 46. Kf2 Ng4+
47. Kg3 Ne3 48. Kf2 Ng4+ 49. Kg3 Ne3 50. Kf2 Nc4 51. g4+ Kxg4 52. Nxf6+ Kxh4
53. Nd7 d2 54. Bxd2 Nxd2 55. Nc5 Nc4 56. Ke2 Kg4 57. Kd3 Ne5+ 58. Kd4 Nf3+ 59.
Ke3 Kf5 60. Nb3 1/2-1/2

[Event "SERBIA CHESS OPEN 2021 – MASTERS"]
[Site "Belgrade, Hotel Metropol"]
[Date "2021.07.05"]
[Round "5.111"]
[White "Juvan, Jaka"]
[Black "Dimitrijevic, Dusan"]
[Result "1-0"]
[WhiteElo "2252"]
[BlackElo "2122"]
[PlyCount "73"]
[EventDate "2021.??.??"]

1. e4 e6 2. d4 d5 3. Nd2 Nf6 4. e5 Nfd7 5. Bd3 c5 6. c3 Nc6 7. Ne2 cxd4 8. cxd4
f6 9. exf6 Nxf6 10. O-O Bd6 11. Nf3 Qc7 12. Bg5 O-O 13. Ng3 Bd7 14. Rc1 h6 15.
Bd2 Be8 16. Bc3 Nh5 17. Ne5 Nf4 18. Bb1 Bxe5 19. dxe5 Qe7 20. Ne2 Bh5 21. f3
Qg5 22. Nxf4 Qxf4 23. Re1 Rad8 24. Qd3 Rd7 25. g3 Qf5 26. Qxf5 exf5 27. Kf2 d4
28. Bd2 Rd5 29. f4 Bf7 30. Bd3 Kh8 31. Bc4 Rc5 32. e6 Bg8 33. b4 Rxc4 34. Rxc4
Re8 35. b5 Nd8 36. Rc8 Bxe6 37. Rxe6 1-0

[Event "SERBIA CHESS OPEN 2021 – MASTERS"]
[Site "Belgrade, Hotel Metropol"]
[Date "2021.07.05"]
[Round "5.112"]
[White "Papakonstantinou, Dimitrios"]
[Black "Stamatiou, Rodolfos"]
[Result "0-1"]
[WhiteElo "2251"]
[BlackElo "2023"]
[PlyCount "61"]
[EventDate "2021.??.??"]

1. e4 c5 2. Nf3 d6 3. d4 cxd4 4. Nxd4 Nf6 5. Nc3 a6 6. h3 e5 7. Nde2 h5 8. g3
Be7 9. Bg2 b5 10. Be3 Bb7 11. O-O Nbd7 12. a4 b4 13. Nd5 Nxd5 14. exd5 a5 15.
c3 bxc3 16. Nxc3 g6 17. Qd2 O-O 18. Rfb1 f5 19. b4 axb4 20. Rxb4 Ba6 21. h4 e4
22. Nb5 Qa5 23. Bd4 Kh7 24. Bc3 Nc5 25. f3 Bf6 26. Nd4 Qc7 27. Nc6 e3 28. Qxe3
Rae8 29. Qxe8 Rxe8 30. Bxf6 Qf7 31. Bg5 0-1

[Event "SERBIA CHESS OPEN 2021 – MASTERS"]
[Site "Belgrade, Hotel Metropol"]
[Date "2021.07.05"]
[Round "5.113"]
[White "Bukal, Vladimir Jr"]
[Black "Ozdemir, Serhan Berat"]
[Result "1-0"]
[WhiteElo "2399"]
[BlackElo "2191"]
[PlyCount "71"]
[EventDate "2021.??.??"]

1. d4 Nf6 2. Nc3 d5 3. Bf4 g6 4. Nb5 Na6 5. e3 Bg7 6. Be2 O-O 7. h3 c5 8. Nf3
Bf5 9. c3 Ne4 10. O-O h6 11. a4 g5 12. Bh2 Qd7 13. Nd2 Bg6 14. Nxe4 dxe4 15.
Qb3 Kh7 16. Rfd1 cxd4 17. cxd4 f5 18. Bc4 f4 19. Be6 Qd8 20. Bd5 Nc7 21. Nxc7
Qxc7 22. a5 Rab8 23. Qb4 Qd7 24. Qb3 Rf6 25. exf4 gxf4 26. Re1 Rbf8 27. Qxb7
Qd6 28. Bxe4 Qxd4 29. Rad1 Qc5 30. b4 Qc3 31. Qxe7 Kh8 32. Bxg6 Rxg6 33. Qe4
Rff6 34. Bxf4 Qxh3 35. Be5 Rg4 36. Rd8+ 1-0

[Event "SERBIA CHESS OPEN 2021 – MASTERS"]
[Site "Belgrade, Hotel Metropol"]
[Date "2021.07.05"]
[Round "5.114"]
[White "Jandric, Damjan"]
[Black "Vucinic, Gojko"]
[Result "0-1"]
[WhiteElo "2202"]
[BlackElo "2366"]
[PlyCount "112"]
[EventDate "2021.??.??"]

1. e4 c5 2. Nc3 Nc6 3. Bb5 Nd4 4. Nf3 e6 5. O-O a6 6. Bd3 Nxf3+ 7. Qxf3 Qc7 8.
a4 Bd6 9. h3 Ne7 10. b3 Be5 11. Bb2 b6 12. Nd1 Bb7 13. Qe2 Ng6 14. g3 h5 15. h4
Bxb2 16. Nxb2 Ne5 17. Nc4 Nxc4 18. Bxc4 Qe5 19. Rae1 g5 20. f4 Qd4+ 21. Qe3
gxf4 22. Qxd4 cxd4 23. gxf4 Rg8+ 24. Kh2 Rg4 25. Be2 Rg7 26. d3 Rc8 27. Bd1 f5
28. Rg1 Rxg1 29. Rxg1 fxe4 30. Rg8+ Ke7 31. Rxc8 Bxc8 32. dxe4 Bb7 33. e5 Be4
34. Kg3 Kf8 35. Kf2 Kg7 36. Ke1 Kg6 37. Kd2 Kf5 38. Bxh5 Kxf4 39. Be2 Bb7 40.
h5 Kxe5 41. h6 Kf6 42. Bd3 a5 43. h7 Kg7 44. Bg6 Bf3 45. Kd3 e5 46. Kc4 d5+ 47.
Kd3 Bg2 48. Bf5 Bf1+ 49. Kd2 Bg2 50. Kd3 Bf3 51. Bg6 Bg4 52. Kd2 e4 53. c3 e3+
54. Kd3 e2 55. Kd2 dxc3+ 56. Ke1 Bf3 0-1

[Event "SERBIA CHESS OPEN 2021 – MASTERS"]
[Site "Belgrade, Hotel Metropol"]
[Date "2021.07.05"]
[Round "5.115"]
[White "Vulinovic, Radivoje"]
[Black "Savicevic, Vlatko"]
[Result "0-1"]
[WhiteElo "2201"]
[BlackElo "2315"]
[PlyCount "99"]
[EventDate "2021.??.??"]

1. Nf3 d5 2. g3 Bg4 3. Bg2 Nd7 4. d4 c6 5. O-O Ngf6 6. Nbd2 e6 7. Re1 Be7 8. e4
O-O 9. c3 h6 10. Qb3 Qc7 11. c4 Rfe8 12. h3 Bh5 13. Ne5 Nxe5 14. dxe5 Qxe5 15.
Qxb7 g5 16. g4 Bg6 17. Nf3 Qb8 18. Qxb8 Raxb8 19. exd5 exd5 20. Nd4 Bd6 21.
Rxe8+ Rxe8 22. Be3 Be5 23. c5 Rc8 24. Rc1 Nd7 25. Bf1 Bf6 26. Rc3 Rc7 27. b4
Nf8 28. Rc1 Ne6 29. Rd1 Kf8 30. Rd2 Ke7 31. a4 Nxd4 32. Bxd4 Bxd4 33. Rxd4 Ke6
34. f4 gxf4 35. Rxf4 Ke5 36. Rf2 Kd4 37. Ba6 Kc3 38. Rf4 d4 39. h4 Bc2 40. h5
Bxa4 41. Kf2 Rd7 42. Bc8 Rd8 43. Bf5 Kxb4 44. Bd3 Kc3 45. Rf3 Bd1 46. Be2+ Kc2
47. Bxd1+ Kxd1 48. Rxf7 d3 49. Rxa7 d2 50. Ra1+ 0-1

[Event "SERBIA CHESS OPEN 2021 – MASTERS"]
[Site "Belgrade, Hotel Metropol"]
[Date "2021.07.05"]
[Round "5.116"]
[White "Rakshitta, Ravi"]
[Black "Dimitrov, Vladimir"]
[Result "1-0"]
[WhiteElo "2190"]
[BlackElo "2314"]
[PlyCount "35"]
[EventDate "2021.??.??"]

1. Nf3 c5 2. g3 g6 3. c4 Bg7 4. Bg2 Nc6 5. Nc3 e6 6. O-O Nge7 7. d4 cxd4 8. Nb5
d5 9. cxd5 Nxd5 10. Nbxd4 Nxd4 11. Nxd4 O-O 12. e4 Nb6 13. Nb5 a6 14. Nd6 Be5
15. Bf4 Bxf4 16. gxf4 Qf6 17. Qb3 Nd7 18. Rfd1 1-0

[Event "SERBIA CHESS OPEN 2021 – MASTERS"]
[Site "Belgrade, Hotel Metropol"]
[Date "2021.07.05"]
[Round "5.117"]
[White "Karaoglan, Kivanc"]
[Black "Velikic, Adela"]
[Result "1/2-1/2"]
[WhiteElo "2192"]
[BlackElo "2308"]
[PlyCount "29"]
[EventDate "2021.??.??"]

1. e4 c5 2. Nf3 e6 3. d4 cxd4 4. Nxd4 Nf6 5. Nc3 d6 6. g4 e5 7. Nf5 h5 8. Bg5
hxg4 9. Nd5 Bxf5 10. Bxf6 gxf6 11. exf5 Bh6 12. h4 Kf8 13. c3 Nd7 14. Qxg4 Nb6
15. Bg2 1/2-1/2

[Event "SERBIA CHESS OPEN 2021 – MASTERS"]
[Site "Belgrade, Hotel Metropol"]
[Date "2021.07.05"]
[Round "5.118"]
[White "Arsenovic, Milos"]
[Black "Kostic, Vladimir G"]
[Result "1/2-1/2"]
[WhiteElo "2181"]
[BlackElo "2297"]
[PlyCount "80"]
[EventDate "2021.??.??"]

1. d4 Nf6 2. c4 c5 3. d5 b5 4. cxb5 a6 5. bxa6 g6 6. Nc3 Bxa6 7. Nf3 d6 8. e4
Bxf1 9. Kxf1 Qc8 10. g3 Qh3+ 11. Kg1 Bg7 12. Qf1 Qxf1+ 13. Kxf1 Na6 14. Nd2 O-O
15. Nc4 Rfb8 16. Ke2 Nb4 17. Be3 Ng4 18. Rhc1 f5 19. a3 Na6 20. exf5 gxf5 21.
Rc2 Nc7 22. Rd1 Bxc3 23. Rxc3 Nf6 24. Rcd3 Ra4 25. b3 Ra7 26. Bg5 Ne4 27. Bh4
Nb5 28. Kf1 Nxa3 29. f3 Nxc4 30. bxc4 Nf6 31. Bxf6 exf6 32. Re3 Rb2 33. Re2 Rb6
34. Rde1 Kf7 35. Kf2 Rb4 36. Re6 Rxc4 37. Rxd6 f4 38. gxf4 Rxf4 39. Rc6 Rd4 40.
Rxc5 Rd7 1/2-1/2

[Event "SERBIA CHESS OPEN 2021 – MASTERS"]
[Site "Belgrade, Hotel Metropol"]
[Date "2021.07.05"]
[Round "5.119"]
[White "Meier, Volker"]
[Black "Janjic, Stefan"]
[Result "1/2-1/2"]
[WhiteElo "2285"]
[BlackElo "2191"]
[PlyCount "43"]
[EventDate "2021.??.??"]

1. d4 d5 2. c4 e6 3. Nf3 Nf6 4. g3 dxc4 5. Bg2 Nc6 6. O-O Rb8 7. e3 b5 8. a4 a6
9. axb5 axb5 10. b3 cxb3 11. Qxb3 Be7 12. Bb2 O-O 13. Rd1 Qd5 14. Qc2 Bd7 15.
Nc3 Qh5 16. e4 Nb4 17. Qe2 e5 18. h3 exd4 19. g4 d3 20. Rxd3 Qc5 21. Rdd1 Qc4
22. Ne5 1/2-1/2

[Event "SERBIA CHESS OPEN 2021 – MASTERS"]
[Site "Belgrade, Hotel Metropol"]
[Date "2021.07.05"]
[Round "5.120"]
[White "Sredojevic, Ivan"]
[Black "Terryn, Ezra"]
[Result "1-0"]
[WhiteElo "2284"]
[BlackElo "2184"]
[PlyCount "73"]
[EventDate "2021.??.??"]

1. e4 c5 2. Nf3 e6 3. d4 cxd4 4. Nxd4 Nc6 5. Nc3 Qc7 6. Be3 a6 7. Bd3 Nf6 8.
O-O b5 9. Nxc6 Qxc6 10. Re1 Bb7 11. Bd4 Be7 12. Qd2 O-O 13. a4 b4 14. Na2 Qxa4
15. b3 Qa5 16. c3 bxc3 17. Nxc3 Qh5 18. Re3 Qg5 19. Qe2 Qg4 20. Qd2 Qf4 21. Qe2
Qg4 22. Qb2 d5 23. Rg3 Qh4 24. Rh3 Qf4 25. Ne2 Qg5 26. f4 Qg4 27. Bxf6 Bxf6 28.
e5 Bh4 29. Qd2 g6 30. Nd4 Bg5 31. Rf1 Rfc8 32. Be2 Bxf4 33. Rxf4 Qg5 34. Rxh7
Rc7 35. Nxe6 Qxe5 36. Nxc7 Kxh7 37. Nxa8 1-0

[Event "SERBIA CHESS OPEN 2021 – MASTERS"]
[Site "Belgrade, Hotel Metropol"]
[Date "2021.07.05"]
[Round "5.121"]
[White "Kruckenhauser, Arthur"]
[Black "Kanov, Nikola"]
[Result "0-1"]
[WhiteElo "2283"]
[BlackElo "2140"]
[PlyCount "94"]
[EventDate "2021.??.??"]

1. Nf3 Nf6 2. c4 c5 3. g3 Nc6 4. b3 e5 5. Bg2 d6 6. Bb2 h6 7. O-O g5 8. e3 Bg7
9. d4 exd4 10. exd4 O-O 11. d5 Ne7 12. h4 g4 13. Ne1 Ng6 14. Nd3 Nh5 15. Bxg7
Kxg7 16. Nc3 f5 17. Ne2 f4 18. Nexf4 Nhxf4 19. Nxf4 Nxf4 20. gxf4 Qxh4 21. Qd2
Bf5 22. Qc3+ Qf6 23. Qxf6+ Rxf6 24. Kh2 Raf8 25. Rae1 R6f7 26. Be4 Bd7 27. f5
h5 28. f3 Bxf5 29. fxg4 Bxg4 30. Rxf7+ Rxf7 31. Bg2 Kh6 32. Re8 Kg5 33. Rd8 Rf6
34. Bh3 Rf2+ 35. Kg1 Rxa2 36. Bxg4 hxg4 37. Rxd6 Rb2 38. Rd7 Rxb3 39. d6 Kf6
40. Rc7 Ke6 41. d7 Rd3 42. Rxc5 Rxd7 43. Rb5 Kd6 44. Kf2 Kc6 45. Kg3 Rd4 46.
Ra5 Rxc4 47. Rxa7 Re4 0-1

[Event "SERBIA CHESS OPEN 2021 – MASTERS"]
[Site "Belgrade, Hotel Metropol"]
[Date "2021.07.05"]
[Round "5.122"]
[White "Petrovic, Aleksa"]
[Black "Velickovic, Sasa"]
[Result "1-0"]
[WhiteElo "2142"]
[BlackElo "2281"]
[PlyCount "77"]
[EventDate "2021.??.??"]

1. e4 c5 2. Nf3 e6 3. d4 cxd4 4. Nxd4 Nf6 5. Nc3 d6 6. Be3 a6 7. g4 b5 8. g5
Nfd7 9. a3 Bb7 10. Qh5 g6 11. Qh4 Nc5 12. f4 Nbd7 13. Bg2 h6 14. b4 Na4 15.
Nxa4 bxa4 16. f5 exf5 17. O-O Qe7 18. Rae1 fxe4 19. b5 Bg7 20. Nc6 Bxc6 21.
bxc6 Ne5 22. Qxe4 hxg5 23. Qxa4 O-O 24. Be4 g4 25. Kh1 Kh7 26. Rb1 Qh4 27. Bf2
Qg5 28. Bg2 Kg8 29. Bg3 f5 30. Bf4 Qf6 31. Bd5+ Kh8 32. Rb7 g5 33. Be3 f4 34.
c7 Rac8 35. Qe4 Qh6 36. Bg1 g3 37. Rb8 Rxb8 38. cxb8=Q Rxb8 39. Qf5 1-0

[Event "SERBIA CHESS OPEN 2021 – MASTERS"]
[Site "Belgrade, Hotel Metropol"]
[Date "2021.07.05"]
[Round "5.123"]
[White "Durak, Can"]
[Black "Ozkan, Ervin"]
[Result "1/2-1/2"]
[WhiteElo "2275"]
[BlackElo "2147"]
[PlyCount "65"]
[EventDate "2021.??.??"]

1. d4 d5 2. c4 c6 3. cxd5 cxd5 4. Nc3 Nf6 5. Bf4 Nc6 6. e3 a6 7. Be2 Bf5 8. Nf3
Nh5 9. Be5 e6 10. O-O Nf6 11. Qb3 Na5 12. Qd1 Nc6 13. Bg3 Bd6 14. Bxd6 Qxd6 15.
Rc1 O-O 16. Na4 Bg4 17. Qb3 Qe7 18. Nc5 Rab8 19. h3 Bxf3 20. Bxf3 Nd7 21. Be2
Nxc5 22. Rxc5 Na7 23. Rfc1 Rfc8 24. Qb6 Rxc5 25. Rxc5 Nc8 26. Qb4 Nd6 27. Rc6
Rd8 28. Rc2 g6 29. a3 Rc8 30. Rc5 Rxc5 31. Qxc5 Qd8 32. Bd3 a5 33. a4 1/2-1/2

[Event "SERBIA CHESS OPEN 2021 – MASTERS"]
[Site "Belgrade, Hotel Metropol"]
[Date "2021.07.05"]
[Round "5.124"]
[White "Dev, Shah"]
[Black "Srdanovic, Jovana"]
[Result "1-0"]
[WhiteElo "2270"]
[BlackElo "2126"]
[PlyCount "59"]
[EventDate "2021.??.??"]

1. d4 d5 2. c4 c6 3. Nf3 Nf6 4. Nc3 dxc4 5. a4 Bf5 6. Ne5 e6 7. f3 Bb4 8. e4
Bxe4 9. fxe4 Nxe4 10. Bd2 Qxd4 11. Nxe4 Qxe4+ 12. Qe2 Bxd2+ 13. Kxd2 Qd5+ 14.
Kc2 O-O 15. Nxc4 Na6 16. Qe5 Rab8 17. Rc1 f6 18. Qc3 b5 19. Rd1 Qe4+ 20. Bd3
Qxg2+ 21. Nd2 Qg4 22. Ne4 c5 23. Rhg1 Qh4 24. Kb1 Nb4 25. Nxc5 Nd5 26. Qa5 Rf7
27. Nxe6 Re7 28. Bf5 Qc4 29. Rg4 Qb3 30. Rd3 1-0

[Event "SERBIA CHESS OPEN 2021 – MASTERS"]
[Site "Belgrade, Hotel Metropol"]
[Date "2021.07.05"]
[Round "5.125"]
[White "Vasic, Vladimir"]
[Black "Milikow, Elie"]
[Result "1/2-1/2"]
[WhiteElo "2119"]
[BlackElo "2270"]
[PlyCount "164"]
[EventDate "2021.??.??"]

1. e4 c5 2. Nf3 Nc6 3. d4 cxd4 4. Nxd4 e5 5. Nb5 d6 6. c4 Be6 7. N1c3 a6 8. Na3
g6 9. Nc2 Bg7 10. Be3 Nf6 11. Be2 Rc8 12. h3 O-O 13. Qd2 Qc7 14. Rc1 Ne7 15.
Na3 Nh5 16. Bxh5 gxh5 17. O-O f5 18. Bg5 Nc6 19. Nd5 Qf7 20. exf5 Bxf5 21. Rfe1
Kh8 22. Rc3 Rg8 23. Rg3 Rce8 24. Nc2 Re6 25. Nce3 Nd4 26. Nxf5 Nxf5 27. Rf3 e4
28. Rb3 h6 29. Bf4 Rg6 30. Rxe4 Kh7 31. g3 Kh8 32. Kh2 Qd7 33. Ne3 Ne7 34. Qe2
h4 35. Qh5 hxg3+ 36. fxg3 Rf6 37. Nd5 Nxd5 38. Qxd5 Qa4 39. Rxb7 Qc2+ 40. Kg1
Rg6 41. Rbe7 Qxb2 42. Re8 Bf8 43. Qd4+ Qxd4+ 44. Rxd4 d5 45. Rxd5 Bc5+ 46. Rxc5
Rxe8 47. Kf2 Re7 48. Rc8+ Kh7 49. c5 h5 50. h4 Rge6 51. Rd8 Re2+ 52. Kf3 Rxa2
53. Rd5 Ra3+ 54. Kg2 a5 55. Rxh5+ Kg6 56. Rg5+ Kh7 57. c6 a4 58. c7 Rc3 59. Ra5
a3 60. Ra8 Re2+ 61. Kh3 Rec2 62. h5 Rc5 63. Rxa3 Rxh5+ 64. Kg4 Rhc5 65. Ra7 Kg6
66. Ra6+ Kh7 67. Ra7 Kg6 68. Ra8 R2c4 69. Ra6+ Kf7 70. Kh3 Rc3 71. Ra8 Rh5+ 72.
Kg4 Rhc5 73. Rd8 R3c4 74. Rd7+ Kg6 75. Kf3 Kf6 76. Ke3 Kg6 77. Rd4 Kf5 78. g4+
Ke6 79. Ke4 Kf6 80. Rxc4 Rxc4+ 81. Kd5 Rxc7 82. Bxc7 Kg5 1/2-1/2

[Event "SERBIA CHESS OPEN 2021 – MASTERS"]
[Site "Belgrade, Hotel Metropol"]
[Date "2021.07.05"]
[Round "5.126"]
[White "Defromont, Benjamin"]
[Black "Radojicic, Aleksandar M"]
[Result "0-1"]
[WhiteElo "2246"]
[BlackElo "2112"]
[PlyCount "56"]
[EventDate "2021.??.??"]

1. Nf3 c5 2. a3 d5 3. b4 b6 4. Bb2 Nf6 5. e3 e6 6. c4 Be7 7. cxd5 exd5 8. bxc5
bxc5 9. Bb5+ Bd7 10. Be2 O-O 11. O-O Bf5 12. Nh4 Be6 13. Qc2 Ne4 14. Nf3 Nd7
15. d3 Nd6 16. Nc3 Rb8 17. Rab1 Qa5 18. Rfc1 Bf6 19. Bd1 c4 20. Be2 Nc5 21. Ne1
Nb3 22. Rd1 d4 23. exd4 Nxd4 24. Qc1 Qxc3 25. Bxc3 Nxe2+ 26. Kf1 Nxc1 27. Rbxc1
Bxc3 28. Rxc3 Nb5 0-1

[Event "SERBIA CHESS OPEN 2021 – MASTERS"]
[Site "Belgrade, Hotel Metropol"]
[Date "2021.07.05"]
[Round "5.127"]
[White "Petrusic, Velimir"]
[Black "Gajcin, Marina"]
[Result "1/2-1/2"]
[WhiteElo "2111"]
[BlackElo "2243"]
[PlyCount "103"]
[EventDate "2021.??.??"]

1. d4 Nf6 2. Nf3 c5 3. d5 e6 4. Nc3 d6 5. e4 a6 6. dxe6 Bxe6 7. Ng5 Nc6 8. Nxe6
fxe6 9. g3 Qd7 10. Bh3 Qf7 11. O-O Be7 12. f4 Rd8 13. Qe2 Nd4 14. Qg2 O-O 15.
e5 Nd5 16. exd6 Rxd6 17. Ne4 Rb6 18. c3 Nf5 19. Qe2 Qe8 20. b3 Nc7 21. Ba3 Nb5
22. Bb2 Qc8 23. Rad1 c4 24. bxc4 Na3 25. Bxa3 Bxa3 26. Rfe1 Rb2 27. Rd2 Rxd2
28. Nxd2 Bc5+ 29. Kh1 Ne3 30. Nb3 Qc6+ 31. Bg2 Nxg2 32. Qxg2 Rc8 33. Qxc6 Rxc6
34. Nxc5 Rxc5 35. Rxe6 Rxc4 36. Re3 b5 37. Kg2 Ra4 38. Re2 Rc4 39. Re3 Kf7 40.
Kf3 Ra4 41. Re2 Ra3 42. Rc2 b4 43. Ke4 bxc3 44. Kd4 a5 45. Ke5 Ra4 46. Rxc3
Rxa2 47. f5 Re2+ 48. Kf4 Rxh2 49. Rc7+ Kf6 50. Rc6+ Ke7 51. Rc7+ Kf6 52. Rc6+
1/2-1/2

[Event "SERBIA CHESS OPEN 2021 – MASTERS"]
[Site "Belgrade, Hotel Metropol"]
[Date "2021.07.05"]
[Round "5.128"]
[White "Maksimovic, Masa"]
[Black "Gombocz, Ferenc Jr"]
[Result "1/2-1/2"]
[WhiteElo "2008"]
[BlackElo "2236"]
[PlyCount "42"]
[EventDate "2021.??.??"]

1. e4 e5 2. Nf3 Nc6 3. Bb5 g6 4. d4 exd4 5. Bg5 Be7 6. Bxe7 Qxe7 7. Bxc6 dxc6
8. Qxd4 Nf6 9. Nc3 Bg4 10. O-O-O Bxf3 11. gxf3 O-O 12. Qe3 b6 13. Ne2 Nh5 14.
Ng3 Ng7 15. h4 Rad8 16. Rdg1 Qe6 17. Kb1 f5 18. Qc3 fxe4 19. Nxe4 Nh5 20. Re1
Qd5 21. a3 c5 1/2-1/2